[Event "Mittelrhein Verbandsliga-W 16/17"]
[Site "Nordrheinwestfalen"]
[Date "2016.11.27"]
[Round "4.8"]
[White "Quintana, Till"]
[Black "Morschel, Steffen"]
[Result "1/2-1/2"]
[WhiteElo "1730"]
[BlackElo "1717"]
[PlyCount "66"]
[EventDate "2016.09.11"]
[EventType "team-tourn"]
[EventRounds "11"]
[EventCountry "GER"]
[SourceTitle "EXT 2022"]
[Source "ChessBase"]
[SourceDate "2021.10.06"]
[SourceVersion "1"]
[SourceVersionDate "2021.10.06"]
[SourceQuality "1"]
[WhiteTeam "Eschweiler SC"]
[BlackTeam "Horrem"]
[WhiteTeamCountry "GER"]
[BlackTeamCountry "GER"]

1. e4 e6 2. d4 d5 3. exd5 exd5 4. Bd3 Bd6 5. Nf3 Ne7 6. Bg5 f6 7. Bh4 Bf5 8. Nc3 c6 9. Bg3 Qc7 10. Qe2 Bxd3 11. Qxd3 Nd7 12. 0-0-0 0-0-0 13. Rde1 Rde8 14. Re6 Bxg3 15. hxg3 Nf8 16. Re3 Nfg6 17. Rhe1 Kd8 18. Na4 b6 19. Re6 Nc8 20. Qf5 Nd6 21. Rxe8+ Rxe8 22. Rxe8+ Nxe8 23. Qh5 Nf8 24. Nc3 Qe7 25. Qf5 g6 26. Qd3 Nd6 27. Qa6 Qb7 28. Qa3 Qe7 29. Qa4 Qd7 30. Ne1 Ne6 31. Nd3 Nf5 32. Ne2 Ne7 33. c3 Ke8 1/2-1/2

[Event "Maastricht Limburg op-C 5th"]
[Site "Maastricht"]
[Date "2011.06.11"]
[Round "3"]
[White "Quintana, Till"]
[Black "Nissel, Andreas"]
[Result "1/2-1/2"]
[WhiteElo "1695"]
[BlackElo "1668"]
[PlyCount "36"]
[EventDate "2011.06.10"]
[EventType "swiss"]
[EventRounds "7"]
[EventCountry "NED"]
[SourceTitle "EXT 2012"]
[Source "ChessBase"]
[SourceDate "2011.11.24"]
[SourceVersion "1"]
[SourceVersionDate "2011.11.24"]
[SourceQuality "1"]

1. e4 e6 2. d4 d5 3. exd5 exd5 4. Bd3 Bd6 5. Ne2 Nf6 6. 0-0 0-0 7. Bf4 Bg4 8. f3 Be6 9. c3 c6 10. Nd2 Qc7 11. Bxd6 Qxd6 12. Ng3 Qf4 13. Re1 Nbd7 14. Nb3 b6 15. Qc2 Rfe8 16. Bf5 g6 17. Bxe6 fxe6 18. Re2 Re7 1/2-1/2